000 01263nam a22002777a 4500
005 20240530110944.0
008 221114s 2020ua a g b 000 0 ara d
017 _a2020/10493
_bمصر. دار الكتب
020 _a9789778125153
040 _aEG-CaGPL
_cEG-CaGPL
082 0 4 _221
_a364.131
_bغ م
100 0 _aغادة كمال محمود سيد
245 1 0 _aمكافحة الارهاب فى افريقيا على ضوء الاتفاقية الافريقية لمكافحة الارهاب والممارسات الدولية تجاه الظاهرة /
_cاعداد غادة كمال محمود سيد ؛ تقديم محمود ابو العينين
250 _aط.1
260 _aالقاهرة :
_bالمكتب العربى للمعارف،
_c2021.
300 _a774 ص. :
_bايض ؛
_c24 سم +
_eملاحق.
504 _aيشتمل على ارجاعات ببليوجرافية
650 0 7 _2qrmak
_aالتخريب والتدمير
650 0 7 _2qrmak
_aجرائم ضد الانسانية
650 0 7 _2qrmak
_aالعنف
_zافريقيا
650 0 7 _2qrmak
_aالارهاب
_zافريقيا
651 _2qrmak
700 0 _aمحمود ابو العينين
_eمقدم
942 _2ddc
_cBK
999 _c66879
_d66879